| 000 | 00493nam a2200157Ia 4500 | ||
|---|---|---|---|
| 003 | Ost | ||
| 005 | 20260507075658.0 | ||
| 008 | 260507s9999||||xx |||||||||||||| ||und|| | ||
| 040 | _cfsecg | ||
| 041 | _aara | ||
| 100 |
_aمصطفى، احمد سيد _eمؤلف |
||
| 245 | 0 |
_aادارة السلوك التنظيمي : _bرؤية معاصرة / _c احمد سيد مصطفى |
|
| 260 |
_a[دون مكان]: _b[دون ناشر], _c2000 |
||
| 300 |
_a519 صفحة؛ _c24 سم |
||
| 942 | _cكتاب | ||
| 999 |
_c45757 _d45757 |
||